[Event "Lindores Abbey Rapid Challenge-KO"]
[Site "Online"]
[Date "2020.05.26"]
[Round "2.2"]
[White "Carlsen, Magnus"]
[Black "So, Wesley"]
[Result "1/2-1/2"]
[WhiteElo "2881"]
[BlackElo "2741"]
[Annotator "TA"]
[PlyCount "57"]
[EventDate "2020.05.19"]
[EventType "tourn"]
[SourceTitle "playchess.com"]
[Source "ChessBase"]
[SourceQuality "1"]

{[%evp 18,57,12,10,14,12,13,12,12,15,22,8,12,5,14,8,3,7,10,0,0,0,0,0,0,0,0,0,0,0,0,0,0,0,0,0,0,0,0,0,0,0]} 1. e4 e5 2. Nf3 Nc6 3. Bb5 Nf6 4. O-O Nxe4 5. Re1 Nd6 6. Nxe5 Be7 7. Bf1 Nxe5 8. Rxe5 O-O 9. d4 Bf6 10. Re1 {The position is equal.} Re8 {C67: Ruy Lopez: Berlin Defence: 4 0-0 Nxe4.} 11. c3 Rxe1 12. Qxe1 Ne8 13. Bf4 d5 14. Bd3 g6 15. Nd2 {[%cal Bb1d2,Bd2f3,Bf3e5][%mdl 32]} Ng7 16. Nf3 Bf5 17. Bxf5 Nxf5 18. Qe2 c6 19. Re1 Ng7 20. Be5 Bxe5 21. Nxe5 Qd6 22. Qf3 f6 23. Nd3 Re8 24. Rxe8+ Nxe8 25. Qe3 {[#]} Kf7 $5 $146 {[%mdl 8] An interesting novelty.} ({Predecessor:} 25... Ng7 26. h3 Kf7 27. Qh6 Kg8 28. Qe3 Kf7 29. Qh6 Kg8 30. Qe3 g5 {½-½ (30) Hansen,E (2612)-Bok,B (2638) Saint Louis 2019}) 26. Qh6 Kg8 27. Qe3 Kf7 28. Qh6 Kg8 29. Qe3 {An uneventful encounter. Accuracy: White = 100%, Black = 100%.} 1/2-1/2

[Event "Lindores Abbey Rapid Challenge-KO"]
[Site "Online"]
[Date "2020.05.30"]
[Round "2.2"]
[White "Nakamura, Hikaru"]
[Black "Carlsen, Magnus"]
[Result "1-0"]
[WhiteElo "2829"]
[BlackElo "2881"]
[Annotator "TA"]
[PlyCount "67"]
[EventDate "2020.05.19"]
[EventType "tourn"]
[SourceTitle "playchess.com"]
[Source "ChessBase"]
[SourceQuality "1"]

{[%evp 28,67,14,16,18,25,22,21,21,21,21,19,19,17,20,18,28,18,32,23,37,36,37,43,29,25,62,62,64,65,62,59,258,266,743,741,734,732,760,758,814,807]} 1. e4 e5 2. Nf3 Nc6 3. Bb5 a6 4. Ba4 Nf6 5. O-O Nxe4 6. d4 b5 7. Bb3 d5 8. dxe5 Be6 9. Qe2 Be7 10. Rd1 O-O 11. c4 bxc4 12. Bxc4 Bc5 13. Be3 Bxe3 14. Qxe3 Qb8 15. Bb3 Na5 {C81: Open Ruy Lopez: Keres Variation (9 Qe2).} 16. Nd4 c5 17. Nxe6 {[%mdl 64] Discovered Attack} fxe6 {The position is equal.} 18. f3 c4 19. fxe4 {And now Ba4 would win.} cxb3 20. exd5 bxa2 21. Rxa2 Nc4 22. Qd4 Qb3 23. Nc3 {[#]} Nxb2 $146 ({Predecessor:} 23... Rac8 24. Rb1 Nd2 25. Qxd2 Rxc3 26. Qxc3 Qxa2 27. Rd1 exd5 28. Qd4 Qc4 29. Qxd5+ Qxd5 30. Rxd5 {½-½ (41) Wei,Y (2729)-Vidit,S (2718) Danzhou 2018}) 24. Rb1 Qc4 $1 {[%cal Rc4d4]} 25. Qxc4 Nxc4 26. dxe6 {e7 is the strong threat.} Rf5 27. Nd5 {Black must now prevent Ne7+.} Rxe5 28. Rxa6 {[%cal Ra6a8]} Re8 29. Nc7 Rd8 $2 {[#] Loses the game.} (29... Rc8 $14) 30. Rc6 $1 $18 {[%cal Rc6c4]} Ne3 $2 {[#]} (30... Na5 31. Rcc1 Rc8) 31. Rd6 $3 {[%cal Rd6d8][%mdl 512] White is clearly winning.} Rc8 (31... Rxd6 32. Rb8+) 32. Rd7 h6 33. e7 Kh7 34. Re1 {Accuracy: White = 100%, Black = 53%.} 1-0

[Event "Lindores Abbey Rapid Challenge-KO"]
[Site "Online"]
[Date "2020.06.02"]
[Round "2.2"]
[White "Dubov, Daniil"]
[Black "Nakamura, Hikaru"]
[Result "1/2-1/2"]
[WhiteElo "2770"]
[BlackElo "2829"]
[Annotator "TA"]
[PlyCount "74"]
[EventDate "2020.05.19"]
[EventType "tourn"]
[SourceTitle "playchess.com"]
[Source "ChessBase"]
[SourceQuality "1"]

{[%evp 19,74,0,8,3,6,8,12,12,8,8,8,3,2,19,20,9,6,7,39,0,0,3,3,3,14,6,18,0,0,0,0,0,0,0,0,0,0,0,0,0,0,0,0,0,0,0,0,0,0,0,0,0,0,0,0,0,0]} 1. c4 e5 2. Nc3 Nf6 3. Nf3 Nc6 4. g3 d5 5. cxd5 Nxd5 6. Bg2 Nb6 7. O-O Be7 8. a3 O-O 9. b4 {[%cal Bb2b4,Bb4b5][%mdl 32]} Be6 10. Rb1 f6 11. b5 {A29: English Opening: Four Knights Variation with 4 g3.} Nd4 12. e3 Nxf3+ 13. Bxf3 Qc8 14. a4 a5 15. bxa6 Rxa6 16. d4 Rd8 17. Qc2 Bf5 18. Qb3+ Be6 19. Qc2 Bf5 {The position is equal.} 20. Be4 Bxe4 21. Qxe4 exd4 22. exd4 Bf8 {[#]} 23. Bf4 $146 ({Predecessor:} 23. Be3 Nxa4 24. Nxa4 Rxa4 25. Rxb7 Rb4 26. Rxb4 Bxb4 27. Rb1 Bd6 {½-½ (25) Zielinski,S (2327)-Eastoe,L (2332) ICCF email 2017}) 23... c6 24. Qc2 Nd5 25. Nxd5 Rxd5 26. Qb3 Qa8 27. Rfc1 Rxa4 28. Qxb7 Qxb7 29. Rxb7 Raxd4 30. Rxc6 Rd7 31. Rxd7 (31. Rb8 {is more complex.} Kf7 32. Be3 R4d5 33. Kg2 h5 34. Rc4) 31... Rxd7 $11 {[%mdl 4096] Endgame KRB-KRB} 32. Kg2 Kf7 33. h4 h5 34. Ra6 Be7 35. Rc6 Bf8 36. Ra6 Be7 37. Rc6 Bf8 {An uneventful encounter. Accuracy: White = 96%, Black = 96%.} 1/2-1/2

[Event "Lindores Abbey Rapid Challenge-KO"]
[Site "Online"]
[Date "2020.05.26"]
[Round "2.2"]
[White "Dubov, Daniil"]
[Black "Karjakin, Sergey"]
[Result "1-0"]
[WhiteElo "2770"]
[BlackElo "2709"]
[Annotator "TA"]
[PlyCount "185"]
[EventDate "2020.05.19"]
[EventType "tourn"]
[SourceTitle "playchess.com"]
[Source "ChessBase"]
[SourceQuality "1"]

{[%evp 15,184,20,21,17,18,7,9,-2,18,15,3,0,0,0,14,19,16,0,0,0,11,-9,0,0,0,0,0,0,6,13,25,16,15,14,14,14,12,12,8,12,18,9,12,-4,12,-7,12,0,12,0,-7,-14,0,-2,0,0,0,-21,0,0,0,0,0,0,0,0,13,8,4,-7,0,0,9,0,48,39,54,56,54,52,71,71,87,75,74,79,72,71,71,54,58,0,71,71,74,75,74,74,91,68,63,58,91,91,91,91,172,175,185,185,320,321,425,425,399,185,185,185,185,177,177,177,236,227,226,215,191,163,312,298,327,319,312,312,297,290,290,290,290,281,290,289,273,270,432,427,410,399,341,260,752,756,774,749,658,639,1561,1516,1829,12794,9598,11094,9017,8277,5721,5646,5158,5158,29981,29982,29999]} 1. d4 Nf6 2. c4 e6 3. Nf3 d5 4. g3 Be7 5. Bg2 O-O 6. O-O dxc4 7. Qc2 a6 8. a4 $1 {8.a4 is better than 8.Qxc4.} Bd7 9. Bg5 {E05: Open Catalan: 5 Nf3 Be7.} Bc6 10. e3 $5 {[%mdl 4] Exploring less charted territory.} Nbd7 11. Nbd2 {The position is equal.} h6 12. Bxf6 Nxf6 13. Nxc4 Be4 14. Qe2 {[#]} Bb4 $146 ({Predecessor:} 14... c5 15. Rfd1 Qc7 16. Rac1 Rac8 17. a5 cxd4 18. Nxd4 Bxg2 19. Kxg2 Qc5 20. Qf3 Qb4 21. Nb6 Rxc1 22. Rxc1 Bc5 23. Qxb7 Bxd4 24. exd4 {½-½ (24) Dubov,D (2676)-Radjabov,T (2767) Hamburg 2019}) 15. Rfd1 Qd5 16. Rac1 Rfd8 17. Nce5 Rac8 18. Nd3 Bf8 19. Nfe1 Bxg2 20. Nxg2 Qb3 21. Qc2 Qxc2 22. Rxc2 a5 23. Rdc1 c6 24. Nge1 Nd5 25. Nf3 h5 26. Nd2 Nb4 27. Nxb4 $1 Bxb4 28. Nc4 f6 29. h3 Kf7 30. Kg2 Rg8 31. b3 Rcd8 32. Rf1 g5 33. g4 Rh8 34. Nb2 hxg4 35. hxg4 Rh4 36. Kf3 Rh3+ 37. Ke2 Rh4 38. Rg1 Be7 39. Nd3 Rd5 40. Rb2 Rd7 41. Rbb1 Kg6 42. Rbc1 Rd8 43. Rb1 Rd7 44. Rh1 Rxh1 45. Rxh1 $11 {[%mdl 4096] Endgame KRB-KRN} Rd8 46. f4 Bd6 47. fxg5 fxg5 48. Kf3 Kg7 49. Ke4 Be7 50. Ne5 Rd5 51. Rf1 {[#] aiming for Rf7+.} Bf6 52. Nd3 Be7 $1 53. Ne5 {Hoping for Rf7+.} Bf6 $1 54. Nc4 Bd8 55. Rb1 Bc7 56. b4 axb4 57. Rxb4 b5 58. Nb2 Ba5 {Black is on the road to losing.} 59. Rb3 Kf6 60. Nd3 bxa4 (60... Bc7 $16) 61. Ra3 $18 Rb5 62. Rxa4 Kg7 (62... Bc7 $142 63. Ra6 Ke7 64. Rxc6 Bd6) 63. Rc4 Kf6 64. Rxc6 Rb6 65. Rc5 (65. Rc7 $142 {White threatens Ne5 and mate.} Ra6 66. Rh7) 65... Bb4 66. Rc1 Bd6 67. Rf1+ Ke7 68. Rh1 Ra6 (68... Kf6 {was called for.} 69. Rh6+ Kf7 70. Rh7+ Kf6 71. Rh6+ Kf7 72. Rh7+ Kf6) 69. Rh7+ Kf6 70. Rh6+ Kf7 71. Ne1 Bf8 (71... Bg3 $142) 72. Rh5 Be7 73. Nf3 Kg6 74. Rh1 Bf6 75. Rc1 Ra3 76. Rc6 Kf7 77. Rb6 Ra5 78. Ne1 Ra1 79. Nd3 Rg1 (79... Be7 $142 80. Ne5+ Kf6 81. Nd7+ Kf7 82. Ne5+ Kf6) 80. Ne5+ Ke7 81. Rb7+ Ke8 {[#]} 82. Nd7 $1 {[%cal Rd7f6]} Kf7 $2 (82... Bh8 83. Nc5 Rxg4+ 84. Kf3 Rh4 85. Nxe6 Rh3+ 86. Ke4 Bf6) 83. Nc5+ Be7 84. Ke5 Rxg4 85. Nxe6 Rg3 86. e4 g4 87. d5 Ra3 88. Nd4 Kf8 89. d6 Ra5+ 90. Ke6 Bxd6 91. Kxd6 g3 92. Ne6+ Ke8 93. Re7# {Accuracy: White = 97%, Black = 73%.} 1-0

[Event "Lindores Abbey Rapid Challenge-KO"]
[Site "Online"]
[Date "2020.05.29"]
[Round "2.2"]
[White "Dubov, Daniil"]
[Black "Ding, Liren"]
[Result "1-0"]
[WhiteElo "2770"]
[BlackElo "2836"]
[Annotator "TA"]
[PlyCount "93"]
[EventDate "2020.05.19"]
[EventType "tourn"]
[SourceTitle "playchess.com"]
[Source "ChessBase"]
[SourceQuality "1"]

{[%evp 11,93,14,14,14,18,-17,0,-26,-27,-38,-21,-23,-49,-55,-57,-51,0,0,0,-2,-10,-14,-12,-21,-15,-24,-3,-1,6,0,59,0,0,0,0,0,0,-20,28,26,143,125,119,108,135,122,200,224,274,250,241,0,0,0,0,0,0,0,0,0,0,0,0,0,0,0,29961,29962,29961,29961,29959,0,0,0,29973,29974,29976,29974,29973,29972,29980,29977,29981,29982]} 1. d4 Nf6 2. c4 e6 3. Nf3 d5 4. g3 Bb4+ 5. Bd2 Be7 6. Bg2 O-O 7. Qc2 {E11: Bogo-Indian.} c6 {[#]} 8. h4 $146 ({Predecessor:} 8. b3 Nbd7 9. Nc3 b6 10. e4 dxe4 11. Nxe4 Nxe4 12. Qxe4 Bb7 13. Rd1 Qc8 14. Ne5 Nxe5 15. dxe5 {1-0 (46) Matlakov,M (2685)-Nguyen,N (2641) chess.com INT 2020}) 8... Nbd7 9. Nc3 {The position is equal.} dxc4 10. Rd1 b5 11. Ne5 Nxe5 12. dxe5 Nd5 $1 13. Ne4 f5 (13... h6 $15) 14. exf6 $1 $11 gxf6 15. b3 cxb3 16. axb3 Qb6 17. O-O a5 18. Rc1 Bd7 19. Bh6 Rfc8 20. Rfd1 a4 ({Better is} 20... e5 $11) 21. bxa4 ({White should try} 21. b4 $1 $14) 21... Rxa4 22. Qb2 {aiming for Rxd5!} Rb4 23. Qa1 Qd8 {Hoping for ...Ra8.} 24. Rc2 Qe8 {...Qg6 is the strong threat.} 25. Nc5 Qg6 (25... Ra8 $11 26. Qc1 Bxc5 27. Rxc5 f5) 26. Qc1 $16 Bxc5 27. Rxc5 Kf7 {[#]} 28. h5 $1 {[%cal Rh5g6][%mdl 576] Deflection} Qxh5 (28... Qf5 $16) 29. e4 $18 Rc4 30. Rxc4 bxc4 {[%cal Bb5c4,Bc4c3][%mdl 32]} 31. Be3 $2 ({White must play} 31. exd5 $18 exd5 32. Bd2) 31... Nxe3 $11 32. Rxd7+ Ke8 33. Qd2 $36 {[%mdl 2048] White has good play.} Rb8 $1 {[%cal Rb8b1] ( -> ...Rb1+)} ({Not} 33... Nxg2 $2 34. Qd6 $18 (34. Kxg2 Qe5 $11)) 34. fxe3 {Black must now prevent Qd6!} c3 $1 {[%cal Rc3d2]} 35. Qd6 {[%csl Gd7][%cal Rd6e7][%mdl 64] Double Attack} Rb1+ 36. Bf1 Rxf1+ $1 37. Kxf1 {[%csl Gd7][%cal Rd6e7]} Qf3+ 38. Ke1 {[%csl Gd7][%cal Rd6e7]} Qxe3+ $2 {[%mdl 8192]} (38... Qh1+ $11 39. Ke2 Qh5+ 40. Kf2 Qh2+ 41. Kf3 Qh1+ 42. Ke2 Qh5+ 43. Kf2 Qh2+ 44. Kf3 Qh1+ 45. Kf2 (45. Ke2 Qh5+ $11) 45... Qh2+) 39. Kd1 {[%csl Gd7][%cal Rd6e7]} Qf3+ 40. Kc2 {[%csl Gd7][%cal Rd6e7]} Qxe4+ 41. Qd3 $2 (41. Kxc3 {mates} Qe3+ 42. Kb4 Qb6+ 43. Kc4 Qa6+ 44. Kc3 Qa5+ 45. Kd3 Qb5+ 46. Kd2 Qg5+ 47. Ke2 Qh5+ 48. Ke3 Qg5+ 49. Ke2 Qh5+ 50. Ke3 Qg5+ 51. Kf2 Qf5+ 52. Ke3 Qg5+) 41... Qa4+ 42. Kxc3 {Intending Rd8+ and mate.} Qa3+ $2 {[%mdl 8192] [#]} (42... Qa5+ $11 43. Kb3 Qb6+ 44. Kc3 Qc5+ 45. Kb3 Qb6+ 46. Kc3 Qc5+ 47. Kb3 Qb6+) 43. Kd2 $1 {White mates.} Qa5+ 44. Kd1 Qh5+ {[#]} 45. Ke1 $1 Qe5+ 46. Kf1 Qa1+ 47. Kg2 {Accuracy: White = 82%, Black = 71%.} 1-0

[Event "Lindores Abbey Rapid Challenge-KO"]
[Site "Online"]
[Date "2020.05.30"]
[Round "2.3"]
[White "Carlsen, Magnus"]
[Black "Nakamura, Hikaru"]
[Result "1-0"]
[WhiteElo "2881"]
[BlackElo "2829"]
[Annotator "TA"]
[PlyCount "91"]
[EventDate "2020.05.19"]
[EventType "tourn"]
[SourceTitle "playchess.com"]
[Source "ChessBase"]
[SourceQuality "1"]

{[%evp 12,91,21,15,16,0,13,14,12,25,34,40,28,23,30,23,34,14,61,59,61,59,222,227,220,229,222,232,215,216,243,235,318,305,336,302,357,366,364,364,356,356,356,356,335,335,502,517,518,504,495,512,519,514,512,499,458,436,894,894,886,886,886,886,29989,29990,29990,29991,29994,29994,29995,29994,29994,29995,29995,29996,29996,4666,2638,2156,2133,1852]} 1. d4 Nf6 2. c4 e6 3. Nf3 d5 4. Nc3 Be7 5. Bf4 O-O 6. e3 Nbd7 7. Be2 dxc4 {D37: Queen's Gambit Declined: 5 Bf4.} 8. O-O Nb6 (8... c5 9. dxc5 Bxc5 10. Bxc4 a6 11. Ng5 b5 12. Bxe6 fxe6 13. Nxe6 Qe7 14. Nxf8 Qxf8 15. Ne4 Bb7 16. Nxc5 Qxc5 {1-0 (52) Carlsen,M (2863)-Nakamura,H (2736) chess24.com INT 2020}) 9. Qc2 Nfd5 {The position is equal.} 10. Bg3 {[#]} c5 $146 ({Predecessor:} 10... Bd7 11. Ne5 Rc8 12. a4 a5 13. Nxc4 Nb4 14. Qb3 Nxc4 15. Bxc4 Bc6 16. Rad1 Bd5 {1-0 (72) Brousek,J (2270)-Slyusar,V (2131) ICCF email 2017}) 11. dxc5 Bxc5 12. Rfd1 Bd7 13. Ne5 Rc8 14. Rac1 Nb4 15. Qe4 N4d5 16. Qf3 Ba4 $2 {Loses the game.} (16... Nxc3 $14 17. Rxc3 Qe7) 17. Nxa4 $18 Nxa4 18. e4 ({Much less strong is} 18. Nxc4 $6 b5 $16) (18. Bxc4 Nxb2 19. Bxd5 exd5 $16) 18... Nxb2 19. exd5 Nxd1 20. Rxd1 {Threatens to win with dxe6.} exd5 {[#]} 21. Bxc4 $1 {[%mdl 576] Pin} Qe7 (21... dxc4 22. Rxd8) 22. Bxd5 ({Don't play} 22. Qxd5 $6 Bb6 $18) 22... Bd6 23. Bxf7+ Kh8 {[#]} 24. Qh5 $1 {[%csl Gf7,Gh5][%cal Re5g6]} Bxe5 25. Bg6 $1 {[%csl Gg6][%cal Rh5h7]} h6 {White must now prevent ...Bxg3.} 26. Bxe5 {Qxh6+ would kill now.} Qg5 27. Qxg5 hxg5 28. h4 {Rd7! is the strong threat.} Rc5 (28... Rfd8 {is a better defense.}) 29. Bb2 Rb5 30. Ba3 Rc8 31. h5 Ra5 32. Bb2 {Intending Rd7 and mate.} Rxa2 33. Rd2 Kg8 34. Bb1 Ra5 (34... Rxb2 $142 35. Rxb2 b6) 35. Rd7 Rb5 36. Ba2+ Kh7 37. Bxg7 g4 38. Be5+ Kh6 39. Bf4+ Kxh5 40. Bf7+ Kh4 41. Kh2 {[%csl Gf2,Gf4,Gh2][%cal Rg2g3]} g3+ 42. fxg3+ Kg4 43. Be6+ Kh5 44. Rh7+ (44. Rg7 $142 Rg5 45. Bxg5 Rc4 46. g4+ Rxg4 47. Bf7#) 44... Kg6 45. Rh6+ Kg7 46. Bxc8 {Accuracy: White = 93%, Black = 48%.} 1-0

[Event "Lindores Abbey Rapid Challenge-KO"]
[Site "Online"]
[Date "2020.05.29"]
[Round "2.3"]
[White "Ding, Liren"]
[Black "Dubov, Daniil"]
[Result "1/2-1/2"]
[WhiteElo "2836"]
[BlackElo "2770"]
[Annotator "TA"]
[PlyCount "101"]
[EventDate "2020.05.19"]
[EventType "tourn"]
[SourceTitle "playchess.com"]
[Source "ChessBase"]
[SourceQuality "1"]

{[%evp 19,101,15,44,16,35,22,30,22,22,23,22,23,26,0,0,0,0,0,0,-265,25,25,22,23,20,9,39,43,47,-6,0,0,27,21,20,22,35,0,0,0,0,0,0,0,0,-10,-10,-10,25,-120,-3,-4,-2,-2,0,-8,0,0,0,-8,35,35,35,35,35,35,47,35,35,35,63,63,75,63,75,75,75,75,75,0,75,0,75,0]} 1. c4 Nf6 2. Nf3 e6 3. g3 d5 4. Bg2 Be7 5. O-O O-O 6. d4 c6 7. Qc2 b6 8. Rd1 Bb7 9. Nc3 Nbd7 10. b3 Rc8 11. Bb2 {E08: Closed Catalan: Main Line: 7 Qc2.} Re8 12. e4 Nxe4 13. Nxe4 {White has an edge.} dxe4 14. Qxe4 Qc7 15. Qc2 Rcd8 16. Rac1 c5 {[#]} 17. d5 $146 ({Predecessor:} 17. dxc5 Nxc5 18. Nd4 Bxg2 19. Kxg2 Bf6 20. Kg1 Qb7 21. b4 Ne4 22. c5 bxc5 23. bxc5 Nxc5 24. Qxc5 Qxb2 {½-½ (35) Carbone,S (1911)-Scattareggia,D (2018) Messina 2011}) 17... exd5 18. cxd5 Bf6 19. Nd4 $2 {[%mdl 8192]} (19. b4 $11) 19... Bxd4 $2 (19... Qe5 $19 20. Ne6 Qxb2 21. Nxd8 Rxd8 22. Qxb2 Bxb2) 20. Rxd4 $11 Qd6 21. Rd2 Re7 22. h3 Rde8 23. Kh2 a5 24. Qc3 ({Better is} 24. a3 $14) 24... f6 25. a3 Re2 26. Qd3 Rxd2 27. Qxd2 Nf8 28. Re1 Rxe1 29. Qxe1 Qd7 30. Qe4 Ng6 31. Qc4 Kh8 32. h4 Ne7 {[%cal Rb7d5]} 33. Qf4 Bxd5 34. Bh3 {[#]} (34. Bxd5 $11 {was the only way to keep the balance.} Qxd5 35. Bxf6 $1 {[%mdl 512]} gxf6 36. Qxf6+ {[%mdl 64] Double Attack} Kg8 37. Qxe7) 34... Be6 ({Black should play} 34... Qc6 $1 $17 35. Qe3 Qd6) 35. Bxf6 $1 Bxh3 36. Bxe7 $1 {[%cal Rf4f8]} Be6 (36... h6 {feels hotter.} 37. Bd6 Be6 38. Bc7 Qc6 39. Qd6 Qxd6 40. Bxd6 Bxb3 41. Bc7 b5) 37. Qf8+ Bg8 38. Bd8 Qe6 39. Qf3 Qxb3 (39... Qd6 {with more complications.} 40. Bg5 Qc7 41. Be3 Qf7 42. Qxf7 Bxf7 43. b4 axb4 44. axb4 cxb4 45. Bxb6 b3) 40. Qxb3 Bxb3 41. Bxb6 {[%mdl 4096] Endgame KB-KB} a4 42. Bxc5 h5 43. f3 g6 44. g4 hxg4 45. fxg4 Kh7 46. Kg3 Bd1 47. Kf4 Bb3 48. Kg5 Bd1 49. Kf4 Bb3 $1 50. Kg5 Bd1 $1 51. Kf4 {Accuracy: White = 76%, Black = 80%.} (51. Bd4 $16) 1/2-1/2

[Event "Lindores Abbey Rapid Challenge-KO"]
[Site "Online"]
[Date "2020.05.29"]
[Round "2.3"]
[White "Nakamura, Hikaru"]
[Black "Carlsen, Magnus"]
[Result "1/2-1/2"]
[WhiteElo "2829"]
[BlackElo "2881"]
[Annotator "TA"]
[PlyCount "65"]
[EventDate "2020.05.19"]
[EventType "tourn"]
[SourceTitle "playchess.com"]
[Source "ChessBase"]
[SourceQuality "1"]

{[%evp 12,65,-8,-2,0,0,0,0,22,13,6,12,12,12,16,11,16,22,37,29,36,36,38,36,36,36,36,36,36,36,37,37,41,44,47,41,40,28,31,28,28,28,28,28,28,28,28,28,28,28,28,0,31,0,33,0]} 1. e4 e5 2. Nf3 Nc6 3. Bb5 Nf6 4. O-O Nxe4 5. d4 Nd6 6. dxe5 Nxb5 7. a4 Nbd4 {C67: Ruy Lopez: Berlin Defence: 4 0-0 Nxe4.} 8. Nxd4 d5 9. exd6 Bxd6 {[#] Threatens to win with ...Nxd4.The position is equal.} 10. Re1+ Be7 $132 {[%mdl 2048] Black puts up resistance} 11. Nxc6 {[%csl Gc6][%cal Rd1d8]} Qxd1 12. Rxd1 bxc6 13. Bf4 Bf5 14. Na3 {[#]} Rd8 $146 ({Predecessor:} 14... Rc8 15. Re1 Be6 16. b3 Bd6 17. Be3 c5 18. Rad1 a6 19. Nc4 Bxc4 20. bxc4 Kd7 21. Bxc5 {½-½ (31) Xu,Y (2536)-Ni,H (2683) Makati 2018}) 15. Bxc7 Rd7 16. Bf4 Rxd1+ 17. Rxd1 Bxa3 18. bxa3 Bxc2 $14 {[%mdl 4096] Endgame KRB-KRB} 19. Rd4 O-O 20. Rc4 Re8 {[%cal Re8e1] [#]} 21. f3 Bd3 22. Rxc6 f6 23. Rc3 Rd8 24. Rb3 a6 25. Rb8 Rxb8 26. Bxb8 $11 {KB-KB} Bc2 27. a5 Bd3 28. Bc7 Bc4 29. Bb6 Bd3 30. Ba7 Bc4 31. Bb6 Bd3 32. Ba7 Bc4 33. Bb6 {Accuracy: White = 96%, Black = 100%.} 1/2-1/2

[Event "Lindores Abbey Rapid Challenge-KO"]
[Site "Online"]
[Date "2020.06.02"]
[Round "2.3"]
[White "Nakamura, Hikaru"]
[Black "Dubov, Daniil"]
[Result "1/2-1/2"]
[WhiteElo "2829"]
[BlackElo "2770"]
[Annotator "TA"]
[PlyCount "90"]
[EventDate "2020.05.19"]
[EventType "tourn"]
[SourceTitle "playchess.com"]
[Source "ChessBase"]
[SourceQuality "1"]

{[%evp 14,90,-2,8,40,29,39,6,18,22,21,21,13,11,16,25,49,10,18,0,0,-20,-11,-10,-10,-10,-10,-5,-7,-14,0,0,0,0,0,0,0,0,0,0,0,0,0,0,0,0,0,0,0,0,0,0,0,0,0,0,0,0,0,0,0,0,0,0,0,0,0,0,0,0,0,0,0,0,0,0,0,0,0]} 1. e4 c5 2. Nf3 Nc6 3. Nc3 g6 4. d4 cxd4 5. Nxd4 Bg7 6. Be3 Nf6 7. Bc4 O-O 8. Bb3 Re8 {B35: Sicilian: Accelerated Dragon with 5 Nc3: main line.} 9. h3 d6 10. Qd2 Bd7 11. O-O Na5 12. Bh6 {[#]} Rc8 $146 ({Predecessor:} 12... a6 13. Rad1 Rc8 14. Bxg7 Kxg7 15. f4 Nxb3 16. axb3 Bc6 17. e5 Ne4 18. Nxe4 Bxe4 {1-0 (29) Djukic,N (2574)-De Filomeno,S (2436) Skopje 2018}) 13. Bxg7 Kxg7 14. Rad1 Qb6 15. Nd5 Nxd5 {The position is equal.} 16. exd5 Qc5 17. Rfe1 Nxb3 18. Nxb3 Qxc2 19. Qd4+ Kg8 20. Qxa7 Qxb2 21. Qxb7 Qxa2 {[#] White must now prevent ...Ba4.} 22. Ra1 Qc2 23. Qxd7 {Rac1 is the strong threat.} Qxb3 24. Rxe7 Red8 25. Qb7 Qxb7 26. Rxb7 $11 {[%mdl 4096] Endgame KRR-KRR} Rc5 27. Raa7 Rf8 28. Rd7 Rxd5 29. Ra6 h5 30. Raxd6 Rxd6 31. Rxd6 {KR-KR} Kg7 32. h4 Re8 33. g3 Re1+ 34. Kg2 Re8 35. Rd1 Re7 36. Rd8 Re6 37. Rd1 Re8 38. Rd7 Re6 39. Rd8 Re7 40. Rd1 Re6 41. Rf1 Rc6 42. Rg1 Rc4 43. Rf1 Rc6 44. Rg1 Rc4 45. Rf1 Rc6 {Accuracy: White = 94%, Black = 100%.} 1/2-1/2

[Event "Lindores Abbey Rapid Challenge-KO"]
[Site "Online"]
[Date "2020.05.26"]
[Round "2.3"]
[White "So, Wesley"]
[Black "Carlsen, Magnus"]
[Result "0-1"]
[WhiteElo "2741"]
[BlackElo "2881"]
[Annotator "TA"]
[PlyCount "68"]
[EventDate "2020.05.19"]
[EventType "tourn"]
[SourceTitle "playchess.com"]
[Source "ChessBase"]
[SourceQuality "1"]

{[%evp 12,68,21,14,14,0,0,0,0,-60,-65,-89,-83,-123,-74,-125,-141,-147,-173,-166,-159,-152,-146,-188,-56,-131,-95,-81,-98,-106,-121,-96,-86,-108,-75,-79,-7,-207,-162,-211,-121,-297,0,0,0,0,20,-98,0,0,100,-604,-267,-254,-262,-1418,-1356,-1222,-1130]} 1. Nf3 d5 2. d4 Nf6 3. c4 e6 4. g3 dxc4 5. Bg2 Bb4+ 6. Bd2 a5 7. O-O O-O {E04: Open Catalan: 5 Nf3.} 8. Na3 {8.Qc2 is setting a new trend.} Bxa3 9. bxa3 b5 {The position is equal.} 10. Qb1 {[#]} (10. a4 $11) 10... c6 $146 ({Predecessor:} 10... Ba6 11. e4 Nc6 12. e5 Nd5 13. Ng5 g6 14. Qe4 c3 15. Qh4 h5 16. g4 cxd2 17. gxh5 {0-1 (27) Prydun,A (2224)-Lagashin,P (2066) Lvov 2018}) 11. e4 h6 12. g4 Nh7 (12... Nxg4 $6 13. e5 $15) 13. h4 ({White should try} 13. Rd1) 13... e5 $17 {[%mdl 64] Decoy} 14. Nxe5 Qxd4 15. Bf4 Re8 16. Qc1 Qc5 (16... Rxe5 17. Rd1 $16) 17. Rd1 Na6 (17... Nf8 $1 $19 18. Nxf7 Bxg4) 18. Nxc6 (18. Qc3 $1 $15) 18... Qxc6 19. e5 Qc5 $1 20. Bxa8 Bxg4 21. Be3 Qxe5 22. Rd4 Nf6 23. Bc6 Re6 (23... Rf8 $17 24. Qc3 Qe6) 24. Bg2 $2 (24. Qb2 $1 $11 {and White stays safe.}) 24... Nc5 $19 25. Qc3 Kh7 (25... Qh5 $19 {aiming for ...Nfe4.} 26. Qxa5 Bf3 27. Qxb5 (27. Rd8+ $2 Kh7 $19) 27... Bxg2 28. Kxg2 Nfe4 29. Qxc4 Qxh4) 26. Qxa5 $2 (26. Rb1 $17 Nfe4 27. Qc2 (27. Qxa5 $2 Rg6 $19)) 26... Nd3 $2 (26... Nfe4 $19 27. Qd8 (27. Qxb5 $2 Rg6 $19) 27... Rg6) 27. Rb1 $11 Qf5 {...Rxe3! is the strong threat.} 28. Rxb5 Qg6 {Strongly threatening ...Bf3.} 29. Qa8 (29. Kh2 $1 $11 {was the only way to keep the balance.}) 29... Ne5 $40 {[%mdl 128] Black mounts an attack.} (29... Re8 $17 30. Rb8 Bf3 {[%mdl 64] Deflection} 31. Qxf3 Rxb8) 30. Rd8 {[%csl Ga8][%cal Rd8h8]} Ne8 (30... Qh5 $11 {remains equal.}) 31. Rxe8 $2 {[%mdl 8192]} (31. Kh1 $16 f5 32. Rb6 Rxb6 33. Bxb6 Qxb6 34. Rxe8) 31... Rxe8 (31... Nf3+ $142 32. Kh1 Rxe8 33. Bxf3 (33. Qxe8 $2 {too greedy.} Qd3 $19) 33... Rxa8 34. Bxa8 c3) 32. Qxe8 $19 {[#]} Nf3+ $1 33. Kh1 $2 {[#]} (33. Bxf3 Bd7+ {[%mdl 64] Double Attack, Discovered Attack} 34. Rg5 Qb1+ {[%mdl 64] Double Attack} 35. Kh2 Bxe8 36. Rc5) 33... Qd3 $1 {[%cal Rd3d1] ( -> ...Qd1+)} 34. Bd2 Qxd2 {[%mdl 64] Double Attack. Accuracy: White = 37%, Black = 54%.} 0-1